| 000 | 00940nam a2200349 a 4500 | ||
|---|---|---|---|
| 003 | AR-BaBNM | ||
| 005 | 20251128202731.0 | ||
| 008 | 082120s2002 ||||||||||||||000 | spa|| | ||
| 020 | _a84-7100-457-7 | ||
| 040 | _cAR-BaBNM | ||
| 100 | 1 | _aCutter, Donald C. | |
| 245 | 0 | 0 | _aEspaña en Nuevo México |
| 250 | _a1ª ed. | ||
| 260 |
_aMadrid _bMapfre _c1992 |
||
| 300 |
_a311 p. _bil., láms. |
||
| 490 | 0 |
_aEspaña y Estados Unidos _vv. 9 |
|
| 504 | _aBibliografía para consultar p. 293-301. | ||
| 650 | 4 | _aESTADO | |
| 650 | 4 | _aGEOGRAFIA FISICA | |
| 650 | 4 | _aIGLESIA | |
| 650 | 4 | _aECONOMIA | |
| 650 | 4 | _aHISTORIA ECONOMICA | |
| 651 | 4 | _aEstados Unidos | |
| 651 | 4 | _aEspaña | |
| 653 | _aDESCUBRIMIENTO DE AMERICA | ||
| 800 | 1 |
_aGallego, José Andrés _ecoordinador |
|
| 800 | 1 |
_aGannon, MIchael _edirector |
|
| 800 | 1 |
_aLyon, Eugene _edirector |
|
| 800 | 1 |
_aCutter, Andrea _etraductor |
|
| 942 | _cBK | ||
| 998 | _cmariana | ||
| 999 |
_c313 _d313 |
||